Game Of Thrones- All Survivors - Statistics

General Stats
  • This quiz has been taken 502 times
  • The average score is 13 of 20
Answer Stats
Name % Correct
Jon Snow
99%
Arya Stark
98%
Sansa Stark, Queen of Winter
97%
Brandon 'The Broken' Stark, King of the Six Kingdoms
96%
Tyrion Lannister, Hand of the King
96%
Grey Worm
83%
Grand Maester Samwell, formerly Samwell Tarly
82%
Ser Brienne of Tarth, Captain of the Kingsguard
81%
Ser Bronn of the Blackwater, Lord of Highgarden, Warden of the Reach and Master of Coin
73%
Yara Greyjoy, Queen of the Iron Islands
66%
Ser Davos Seaworth, Master of Ships
64%
'Sweet' Robin Arryn, Lord of The Eyrie
63%
Tormund Giantsbane
61%
Edmure Tully, Lord of Riverrun and Warden of the Riverlands
56%
Gendry Baratheon, Lord of Storm's End and Warden of the East
56%
Ser Podrick Payne
53%
Drogon
43%
Ghost
42%
Ser 'Bronze' Yohn Royce
21%
Maester Wolkan of Winterfell
6%
No matching quizzes found
Score Distribution
Percent of People with Each Score
Percentile by Number Answered
Your Score History
You have not taken this quiz